000 00484nam a22001817a 4500
003 NUST - PNEC
005 20170116180806.0
008 150422b xxu||||| |||| 00| 0 eng d
020 _a8175100656
040 _cLIBRARY
082 _a954.035 NOO
100 _92948
_a Hag, Noor ul
245 _aMaking of Pakistan
_c Dr. Noor-Ul-Haq
260 _aDelhi
_bReliance Publishing House
_cc1997.
300 _a332p. :
650 _92951
_a Pakistan movement
_xGeneral
942 _2ddc
_cBK
999 _c63175
_d63175